The management of quality and its control

Αποθηκεύτηκε σε:
Λεπτομέρειες βιβλιογραφικής εγγραφής
Κύριος συγγραφέας: Tapiero, Charles S.
Μορφή: Βιβλίο
Γλώσσα:English
Δημοσίευση: London : Chapman & Hall, 1996
Θέματα:
Ετικέτες: Προσθήκη ετικέτας
Δεν υπάρχουν, Καταχωρήστε ετικέτα πρώτοι!

MARC

LEADER 00000nam a2200000 i 4500
001 1/54011
008 951030s1996 eng d
020 |a 0-412-55720-7 
035 |1 ΕΛΗ  |a 1995  |b 2410  |c ΠΑΠΑΔΟΠΟΥΛΟΣ  |l 10044871 
040 |a GR-MY-UA  |b gre  |e aacr 
041 0 |a eng 
082 0 |a 658.562 
100 1 |a Tapiero, Charles S. 
245 1 4 |a The management of quality and its control /  |c Charles S. Tapiero 
260 |a London :   |b Chapman & Hall,   |c 1996 
300 |a xii, 413 p.;  |b ill.;  |c 24 cm. 
500 |a Includes bibliographical references and index 
650 0 0 |a Management. 
650 0 0 |a Quality control. 
852 |a INST  |b SAMOS  |e 19951030  |h 658.562 TAP  |p 005300012057  |q 005300012057  |t BK  |y 0 
901 |a BIBL-1997-2 
909 |a Σ  |b 051497